000 01936nam0a2200337 4500
001 RU\NLR\bibl\1153664
005 20250615080913.0
035 _a(NLR Aleph) 001140449
090 _a1414333
_c1414333
100 _a20071113d2004 |||y0rusy50 ca
101 0 _arus
102 _aRU
105 _ay |||||||||
200 1 _aФункционально-дифференциальные уравнения
210 _aМосква
_cМосковский авиационный институт (технический университет)
_cЯнус-К
_d2004
215 _a147 с.
_d30
225 1 _aСовременная математика. Фундаментальные направления
_vт. 8
320 _aБиблиогр.: с. 143-146 (68 назв.)
320 _aПредм. указ.: с. 147
327 1 _aСодерж.: Введение в теорию функционально-дифференциальных уравнений и их приложений. Групповой подход / Л.А. Бекларян
464 0 _12001#$aВведение в теорию функционально-дифференциальных уравнений и их приложений. Групповой подход
_1700#1$aБекларян$bЛ.$gЛёва Андреевич$f1951-$3RU\NLR\AUTH\770192722$4070
_tВведение в теорию функционально-дифференциальных уравнений и их приложений. Групповой подход
_aБекларян, Лёва Андреевич (1951-)
606 1 _aФункционально-дифференциальные уравнения
_xТеория
_91919228
_3RU\NLR\auth\661164151
686 _aВ161.922
801 0 _aRU
_bNLR
_c20071113
_gRCR
801 1 _aRU
_bNLR
_c20071113
852 _aNLR
_jП8/1600
942 _cBOOK
980 _aNB